=LDR 00000nam 2200000 4500 =001 INLIS000000000000596 =005 20230126114657 =035 ##$$a 0010-0123000396 =007 ta =008 230126################g##########0#eng## =020 ##$$a 0521207959 =082 ##$$a 612.6 =084 ##$$a 612.6 ASK f =100 1#$$a Askham, Janet =245 1#$$a Fertility and Deprivation : $b a study of differential fertility amongst working-classs families in Aberdeen /$c Janet Askham =250 ##$$a Cetakan Pertama =260 ##$$a London :$b Cambridge University Press,$c 1975 =300 ##$$a vii, 188 halaman ; $c 23 cm =650 #4$$a fertility =504 ##$$a indeks